|
|
|
|
| LEADER |
01060nab#a2200337#ar4500 |
| 001 |
000045113 |
| 003 |
SVKKK |
| 005 |
00000000000000.0 |
| 008 |
c xo e sloo |
| FMT |
|
|
|
| 038 |
|
|
|a SVKKK
|
| 040 |
|
|
|a SVKKK
|b slo
|e AACR2
|
| 041 |
0 |
|
|a slo
|
| 044 |
|
|
|a xo
|c SK
|
| 080 |
|
|
|a 791.44.071.
|2 1981
|
| 080 |
|
|
|a 929 Štelbaský, Mila
|2 1981
|
| 100 |
1 |
|
|a Urbanová, Agáta
|4 aut
|
| 245 |
1 |
0 |
|a Slobodné povolanie neurčuje slobodu :
|b ak chce kameraman Milan Štelbaský divákovi niečo ukázať, musí to zvážiť na vlastnej koži
|c Urbanová Agáta ... [et al.]
|
| 300 |
|
|
|b Fotogr.
|
| 600 |
1 |
4 |
|a Štelbaský, Milan,
|d 1946,
|x kameraman
|
| 650 |
0 |
4 |
|a Štelbaský, Milan
|x kameraman
|z Veľký Slávkov
|x rodák
|x život
|x rozhovory profilové
|
| 700 |
1 |
|
|a Vacula, M.
|4 aut
|
| 700 |
1 |
|
|a Štelbaský, Milan
|4 aut
|
| 773 |
0 |
|
|t Košický večer
|g Roč. 13(34), č. 104(2002), dát. 0431, s. 5
|
| 957 |
|
|
|a Veľký Slávkov
|
| 958 |
|
|
|a PP
|
| 974 |
|
|
|d 030414
|a Mi
|
| 992 |
|
|
|a RBX
|
| BAS |
|
|
|
| 852 |
|
|
|a SVKKK
|b BIB
|
| 998 |
|
|
|a REG
|